Top 10 Tiktokers with the most followers - Statistics

General Stats
  • This quiz has been taken 82 times
  • The average score is 3 of 10
Answer Stats
Numbers Tiktoker % Correct
2 charlidamelio
75%
1 khaby lame
70%
3 mrbeast
54%
4 bellapoarch
39%
8 zachking
25%
5 addisonre
23%
10 therock
15%
6 tiktok
15%
9 domelipa
3%
7 kimberly loaiza
1%
No matching quizzes found
Score Distribution
Percent of People with Each Score
Percentile by Number Answered
Your Score History
You have not taken this quiz